000 00510nam a2200181Ia 4500
005 20250508161757.0
008 008 250505s9999 xx 000 0 eng d
037 _aTextBook
040 _aFEDL
_beng
_cFEDL
041 _aeng
_2eng
084 _a323, MAS
_qFEDL
100 _aMasani Minoo
245 0 _aOur growing human family from tribe to world federation
260 _aLondon, UK
_bOxford University Press
_c1950
300 _a116p.
942 _cTB
_h323, MAS
999 _c1372130
_d1372130